00518nam a2200169Ia 450000500170000000800410001702000180005804000190007604100120009508200170010710000220012424501000014626000260024630000160027250400500028885000100033820230204094111.0131103s9999 xx 000 0 und d aSBN 416081304 aLoreto College aEnglish a882bEUR-BAR aBarlow,Shirley A. 4aThe imagery of Euripidesb a study in the dramatic use of pictorial language cShirley A.Barlow aLondonbMethuenc1971 axli,169 p.  aIncludes bibliographical references and index aLCLIB